000 00599nam a22001577a 4500
999 _c61016
_d61016
005 20231207102716.0
008 231207s1956 ru ||||| |||| 00| 0 rus d
041 _arus
080 _a001(09) Б-48
100 _aБернал, Дж.
_920611
245 _aНаука в истории общества :
_cДж. Бернал.
264 _aМ.:
_bИздательство иностранной литературы,
_c1956.
300 _a735 с.;
_b27 см.
653 _aმეცნიერება საზოგადოების ისტორიაში
942 _2udc
_cᲬᲘᲒᲜᲘ